Statystyki dla Państwa mówiące w języku portugalskim i hiszpańskim!

Kliknij tutaj aby rozwiązać quiz!

Ogólne statystyki

  • Ten quiz został rozwiązany 398 razy
    (383 od ostatniego zresetowania)
  • Średni wynik to 19 z 28

Statystyki odpowiedzi

Język urzędowyPaństwo% Poprawnych
portugalskiPortugalia
97%
portugalskiBrazylia
95%
hiszpańskiHiszpania
93%
hiszpańskiArgentyna
91%
hiszpanskiChile
88%
hiszpańskiMeksyk
87%
hiszpańskiKolumbia
86%
hiszpańskiWenezuela
86%
hiszpańskiPeru
82%
hiszpańskiUrugwaj
81%
hiszpańskiParagwaj
80%
hiszpańskiBoliwia
79%
hiszpańskiEkwador
76%
hiszpańskiPanama
76%
hiszpańskiKuba
75%
hiszpańskiDominikana
70%
hiszpańskiHonduras
70%
hiszpańskiKostaryka
70%
hiszpańskiGwatemala
66%
hiszpańskiSalwador
65%
hiszpańskiNikaragua
61%
portugalskiAngola
49%
portugalskiMozambik
42%
hiszpańskiGwinea Równikowa
40%
portugalskiRepublika Zielonego Przylądka
37%
portugalskiWyspy Swiętego Tomasza i ksiązeca
35%
portugalskiTimor Wschodni
30%
portugalskiGwinea Bissau
29%

Rozkład punktacji

Percentyl według liczby udzielonych odpowiedzi

Procent ludzi z każdym wynikiem

Twoja historia wyników

Nie rozwiązałeś tego quizu od ostatniego zresetowania